00787cam a2200205 a 4500003000500000005001700005008004100022017004600063020002600109040000900135100002200144245012400166260003700290300001900327490003100346500007300377546005500450651005300505700002300558CDMR20140409180602.0131016s2013 spc ||| |||| 000 0dspa|d aDL B. 17492-2013bBiblioteca de Catalunya a9788482647487 (cart.) cCDMR1 aGazield1887-196410aTot s'ha perdutb: el catalanisme polític entre 1922 i 1934 cGaziel ; pròleg: Enric Juliana ; edició: Jordi Amat aBarcelona bRBA La Magranac2013 a285 p. c22 cm0 aBiblioteca del catalanisme aRecull d'articles apareguts al diari La Vanguardia entre 1922 i 1934 aText en castellà, portada i pròleg en català 7aCatalunyaxPolítica i governy1885-19312lemac1 aAmat, Jordid1978-